000 00731nam a2200205 a 4500
001 000046870
005 20201002053155.0
008 180404s2015 dr a 000 0 spa d
020 _a9789945084689
040 _aDO-SdBNP
_bspa
_cBNPHU
082 _axxxx
_bF316p
100 1 _aFéliz, Claudio,
_d1952-
_974818
245 1 0 _aPsicología analítica ¡Para vivir más! /
_cClaudio Féliz.
260 _aSanto Domingo :
_bEGRAF, Especialidades Graficas Egraf,
_c2015.
300 _axix, 213 p. :
_bil. ;
_c22 cm.
500 _aIncluye datos biográficos del autor en la contracubierta.
504 _aBibliografía : p. 211-213
590 _aLa biblioteca posee 3 ejemplar autografiado por el autor
590 _aInventariado, 2018 /LP
999 _c46359
_d46359